| 000 | 00582nam a22002057a 4500 | ||
|---|---|---|---|
| 005 | 20221208101102.0 | ||
| 008 | 010101b xxu||||| |||| 00| 0 eng d | ||
| 020 |
_a9780571087358 _c999 |
||
| 040 | _aLoreto College | ||
| 041 | _aEnglish | ||
| 082 |
_a821.91 _bAUD |
||
| 100 | _aAuden, W.H. | ||
| 245 |
_aCollected shorter poems 1927-1957 _cW.H Auden |
||
| 260 |
_aLondon _bFaber and Faber _c1969 |
||
| 300 |
_a351p _b23 cm |
||
| 504 | _aIncludes index of first line | ||
| 650 |
_aPoetry in English _xLiterature in English _yModern-20th Century |
||
| 850 | _aLCLIB | ||
| 942 | _cBK | ||
| 999 |
_c39965 _d90444 |
||